|
|
|
|
| LEADER |
00702nam a2200205 a 4500 |
| 001 |
c000230979 |
| 003 |
CARM |
| 005 |
20070316153400.0 |
| 008 |
900918s1985 enk 000 1 eng d |
| 019 |
1 |
|
|a 41486721
|5 LACONCORD2021
|
| 020 |
|
|
|a 0263713946
|
| 035 |
|
|
|a (OCoLC)16199077
|5 LACONCORD2021
|
| 040 |
|
|
|a VCAV
|c VCAV
|
| 100 |
1 |
|
|a Rome, Margaret.
|
| 245 |
1 |
0 |
|a Bride of the Rif /
|c by Margaret Rome.
|
| 260 |
|
|
|a London :
|b Mills & Boon,
|c 1972.
|
| 300 |
|
|
|a 192 p.
|
| 852 |
8 |
|
|b CARM
|h A1:AO17A0
|i A04166
|p 0318361
|f BK
|
| 999 |
f |
f |
|i c7358771-538e-5454-bbbc-059cab89d136
|s d14752e5-2621-5412-b2ea-4f3d60a16e56
|
| 952 |
f |
f |
|p Can circulate
|a CAVAL
|b CAVAL
|c CAVAL
|d CARM 1 Store
|e A04166
|f A1:AO17A0
|h Other scheme
|i book
|m 0318361
|